Reliez les acteurs des comédies françaises à leurs films #1 - Statistiques

Statistiques générales
  • Ce quiz a été pris 1 566 fois
  • Le résultat moyen est 11 sur 17
Statistiques - réponses
Hint Extra Hint Réponse % Correct
Camping Patrick Chirac Franck Dubosc
90%
OSS 117 : Le Caire, nid d'espions Hubert Bonisseur de la Bath Jean Dujardin
90%
Les Visiteurs Godefroy de Papincourt Jean Reno
89%
Les Tuche Jeff Tuche Jean-Paul Rouve
87%
Les Trois Frères Didier Latour Didier Bourdon
85%
Les Bronzés font du ski Jean-Claude Dusse Michel Blanc
84%
La Chèvre François Perrin Pierre Richard
69%
La Vérité si je mens ! Serge Benamou José Garcia
65%
Les Tontons flingueurs Fernad Naudin Lino Ventura
63%
Five Samuel Pierre Niney
63%
La Cité de la Peur Simon Jérémi Dominique Farrugia
61%
Les Sous-doués Baptiste Lavalle Daniel Auteuil
56%
Papa ou maman Vincent Leroy Laurent Lafitte
56%
Les Beaux Gosses Hervé Vincent Lacoste
53%
Intouchables Philippe François Cluzet
52%
Bernie Bernie Noël Albert Dupontel
46%
Nos Jours Heureux Joseph Omar Sy
32%
Aucun quiz correspondant
Distribution des résultats
% des personnes avec chaque résultat
Percentile par nombre de réponses
Votre historique - résultats
Vous n’avez pas pris ce quiz